ბათუმის შოთა რუსთაველის სახელმწიფო უნივერსიტეტის ბიბლიოთეკა

შუამავალთა ჯაჭვი - 2 : (ბიბ.ჩანაწერი № 59660)

000 -ლიდერი
ფიქსირებული სიგრძის საკონტროლო ველი 01906nam a22002777a 4500
003 - საკონტროლო ნომრის იდენტიფიკატორი
საკონტროლო ველი Ge_BSU
005 - ბოლო ოპერაციის თარიღი და დრო
საკონტროლო ველი 20230330102149.0
008 - ფიქსირებული სიგრძის მონაცემთა ელემენტები - ზოგადი ინფორმაცია
ფიქსირებული სიგრძის საკონტროლო ველი 230330s2020 ge ||||| |||| 00| 0 geo d
020 ## - წიგნის საერთაშორისო სტანდარტული ნომერი
International Standard Book Number 9789941088759
041 ## - ენის კოდი
Language code of text/sound track or separate title geo
080 ## - უნივერსალური ათობითი კლასიფიკაციის ინდექსი
Universal Decimal Classification number 28–24 თ-68
245 ## - ცნობა სათაურის შესახებ
Title შუამავალთა ჯაჭვი - 2 :
Remainder of title ყურანის შუქის ქვეშ /
Statement of responsibility, etc თარგმნა ნინო ჩოგაძემ ; მთავარი რედაქტორი ზურაბ მიქელაძე ; თეოლოგიური რედაქტორი გელა გოგიტიძე.
264 ## - წარმოების, გამოცემის, დისტრიბუციის და სხვა ცნობები
გამოცემის, წარმოების, დისტრიბუციის... ადგილი ბათუმი :
გამოცემის, წარმოების, დისტრიბუციის... სახელწოდება ერქამი,
გამოცემის, წარმოების, დისტრიბუციის... თარიღი 2020.
300 ## - ფიზიკური აღწერა
Extent 352 გვ. ;
Other physical details 24 სმ.
500 ## - ზოგადი შენიშვნა
General note წიგნი გამოცემულია საქართველოს ახალგაზრდებზე დახმარების ასოციაციის მიერ, სრულიად საქართველოს მუსლიმთა სამმართველოს რეკომენდაციით.
653 ## - INDEX TERM--UNCONTROLLED
Uncontrolled term ყურანი
653 ## - INDEX TERM--UNCONTROLLED
Uncontrolled term ისლამის შუამავალთა ცხოვრება
653 ## - INDEX TERM--UNCONTROLLED
Uncontrolled term ისლამის მოციქულთა ცხოვრება
653 ## - INDEX TERM--UNCONTROLLED
Uncontrolled term მუსულმან წმინდანთა ცხოვრება
700 ## - ADDED ENTRY--PERSONAL NAME
Personal name ჩოგაძე, ნინო
Relator term მთარგმნელი.
9 (RLIN) 17362
700 ## - ADDED ENTRY--PERSONAL NAME
Personal name მიქელაძე, ზურაბ
Relator term რედაქტორი
9 (RLIN) 17363
700 ## - ADDED ENTRY--PERSONAL NAME
Personal name შანთაძე, ადამ
Relator term რედაქტორი
9 (RLIN) 17353
700 ## - ADDED ENTRY--PERSONAL NAME
Personal name გელაძე, მიხეილ და სხვ.
9 (RLIN) 17364
700 ## - ADDED ENTRY--PERSONAL NAME
Personal name გოგიტიძე, გელა
Relator term თეოლოგიური რედაქტორი
9 (RLIN) 17365
942 ## - ADDED ENTRY ELEMENTS (KOHA)
Source of classification or shelving scheme
Koha item type წიგნი
ეგზემპლარები
ჩამოწერის სტატუსი დაკარგული ეგზემპლარის სტატუსი კლასიფიკაციის წყარო ან თაროზე გაწყობის სქემა დაზიანების სტატუსი არ გაიცემა მუდმივი მდებარეობა (დაცვის ადგილი) ამჟამინდელი ადგილსამყოფელი თაროზე განთავსების ადგილი შეძენის თარიღი ღირებულება, შესყიდვის ნორმალური ფასი სრული შენახვის შიფრი შტრიხკოდი ბოლო ოპერაციის თარიღი ეგზემპლარის მიმდევრობითი ნომერი (კეტერი?) ფასის ძალაში შესვლის თარიღი ეგზემპლარის სახეობა საჯარო შენიშვნა
          ბათუმის შოთა რუსთაველის სახელმწიფო უნივერსიტეტის მთავარი ბიბლიოთეკა ბათუმის შოთა რუსთაველის სახელმწიფო უნივერსიტეტის მთავარი ბიბლიოთეკა წიგნსაცავი 2023-03-30 5.00 28–24 თ-68 64109 2023-03-30 64109 2023-03-30 წიგნი 5 ლ.